000
00319nam a2200133Ia 4500
008
190216s9999||||xx |||||||||||||| ||und||
100
_a
"Urmila Rai,S.M.Rai"
245
0
_a
Effective Communication
250
_a
3rd Ed.
260
_b
Himalaya Publishing House
_c
2003
300
_a
345
650
_a
Commerce
942
_c
BK
999
_c
8268
_d
8268